Statistiken für Bundesliga Abschlusstabelle 2020/21

Klicken Sie hier um das Quiz zu spielen!

Allgemein

  • Dieses Quiz wurde 53 mal gespielt
  • Das Durchschnittsergebnis liegt bei 10 aus 18

Antwortstatistiken

PlatzierungVerein% Korrekt
1Bayern München
100%
3Borussia Dortmund
100%
2RB Leipzig
100%
6Bayer 04 Leverkusen
64%
5Eintracht Frankfurt
64%
4VfL Wolfsburg
61%
18FC Schalke 04
57%
71. FC Union Berlin
52%
8Bor. Mönchengladbach
50%
17Werder Bremen
50%
10SC Freiburg
45%
13FC Augsburg
39%
9VfB Stuttgart
39%
11TSG Hoffenheim
36%
161. FC Köln
34%
121. FSV Mainz 05
34%
14Hertha BSC
32%
15Arminia Bielefeld
20%

Verteilung der Resultate

Perzentil nach korrekt beantworteten Fragen

Anzahl Personen mit jedem Resultat

Ihre Resultats-Entwicklung

Sie haben dieses Quiz noch nicht gespielt